| 000 | 00870nam a2200265 a 4500 | ||
|---|---|---|---|
| 001 | 30904 | ||
| 003 | BD-RjUL | ||
| 005 | 20211209051631.0 | ||
| 008 | 140412m1967 1937enka 000 0 eng | ||
| 035 | _a(BD-RjUL)30991 | ||
| 040 |
_aDLC _cCarP _dBD-RjUL _beng |
||
| 041 | _aeng | ||
| 082 |
_a185 _bARW V-12 1967 |
||
| 100 | 0 |
_aAristotle. _993905 |
|
| 245 | 0 | 4 |
_aThe works of Aristotle translated into English under the editorship of W. D. Ross / .. _nVOLUME XII. _pSELECT FRAGMENTS. |
| 260 |
_aOxford : _bClarendon press, _c1967 |
||
| 300 |
_axii ,162 p. : _billus., diagrs. _c23 cm. |
||
| 600 |
_aAristotle. _9113779 |
||
| 700 | 1 |
_aRoss, W. D. _q(William David), _d1877-1971, _eed. _987306 |
|
| 700 | 1 |
_aSmith, J. A. _q(John Alexander), _d1863-1939, _ejoint ed. _992959 |
|
| 942 |
_2ddc _cBK |
||
| 999 |
_c30904 _d30904 |
||